000 00394nam a22001697a 4500
003 MPLRDC
005 20220104124327.0
008 210129b ||||| |||| 00| 0 eng d
082 _a868.71 FX-2 v.1*
100 _a方修编
245 _a马华文学作品选. 一
_c
250 _a一版一刷
260 _a
_b董总
_c1988
300 _b
650 _a
942 _cBK
_o868.71 FX-2 v.1*
999 _c18454
_d18444